| 000 | 00696nam a22002057a 4500 | ||
|---|---|---|---|
| 999 |
_c15199 _d15199 |
||
| 003 | OSt | ||
| 082 | _2631.75807 BEE/EV | ||
| 088 | _aP 145 | ||
| 100 |
_aBEENA FRANCIS _92747 |
||
| 245 | _aEvaluation of water harvesting potential of dead quarries - a study | ||
| 260 |
_aTavanur 2004 _bKelappaji College of Agricultural Engineering and Technology |
||
| 300 | _a86 | ||
| 500 | _aEvaluation of water harvesting potential of dead quarries - a study | ||
| 520 | _aEvaluation of water harvesting potential of dead quarries - a study | ||
| 700 |
_aBenzila Beegum B _92748 |
||
| 700 |
_aBrijo Wilson _92749 |
||
| 700 |
_aSenan Marian _92750 |
||
| 700 |
_aEr. Rema K. P (Guide) _92501 |
||
| 942 | _cPR | ||